Vainqueurs des Ligues Européennes de Football - Statistiques

Statistiques générales
  • Ce quiz a été pris 258 fois
    79 depuis la dernière actualisation
  • Le résultat moyen est 37 sur 82
Statistiques - réponses
Champions League Cup Winners' Cup Europa League Super Cup Conference League Intertoto Club % Correct
15 0 2 6 0 0 Real Madrid
99%
1 0 0 0 0 1 Olympique de Marseille
96%
1 1 0 1 0 1 Paris Saint-Germain
96%
6 1 1 2 0 0 Bayern Munich
95%
5 4 0 5 0 0 FC Barcelone
95%
0 0 0 0 0 1 Olympique Lyonnais
95%
6 0 3 4 0 0 Liverpool
92%
3 1 1 1 0 0 Manchester United
92%
7 2 0 5 0 0 AC Milan
91%
3 0 3 0 0 0 Inter Milan
88%
1 1 0 1 0 0 Manchester City
88%
2 2 2 2 1 0 Chelsea
87%
0 0 0 0 0 1 Auxerre
80%
2 1 3 2 0 1 Juventus
79%
2 0 2 1 0 0 FC Porto
76%
2 0 0 0 0 0 Benfica
75%
1 1 0 0 0 0 Borussia Dortmund
75%
0 0 7 1 0 0 Séville
75%
0 1 0 0 0 0 Arsenal
72%
0 1 3 3 0 0 Atlético Madrid
68%
4 1 1 2 0 0 Ajax
67%
0 1 3 0 0 0 Tottenham Hotspur
67%
1 0 0 1 0 1 Aston Villa
65%
1 0 0 0 0 0 Celtic
64%
2 0 0 1 0 0 Nottingham Forest
64%
1 0 1 0 0 0 PSV Eindhoven
61%
0 0 1 0 0 0 Naples
59%
0 1 1 2 0 1 Valence
57%
0 1 0 1 0 0 Lazio
56%
1 0 0 0 0 0 Étoile Rouge de Belgrade
55%
0 0 0 0 1 0 AS Rome
53%
1 0 2 0 0 0 Feyenoord
52%
0 1 0 0 0 0 Rangers
49%
0 0 0 0 0 1 Lille
48%
0 0 1 0 0 0 Atalanta
45%
1 1 0 0 0 2 Hambourg SV
43%
0 0 0 0 0 1 Newcastle United
43%
0 0 0 0 1 0 Olympiakos
43%
0 0 1 1 0 0 Galatasaray
41%
0 1 0 0 1 1 West Ham United
40%
0 0 0 0 0 1 Bordeaux
39%
0 0 1 0 0 0 CSKA Moscou
39%
0 0 0 0 0 1 Lens
39%
0 2 1 2 0 0 RSC Anderlecht
39%
1 0 0 1 0 0 Steaua Bucarest
37%
0 1 0 0 0 0 Fiorentina
36%
0 0 1 0 0 2 Villarreal
36%
0 1 0 0 0 0 Everton
35%
0 0 1 1 0 0 Zénit Saint-Pétersbourg
35%
0 1 2 1 0 0 Parme
33%
0 1 0 0 0 0 Sporting CP
33%
0 0 0 0 0 1 Braga
32%
0 0 2 0 0 0 Borussia Mönchengladbach
29%
0 0 2 0 0 0 Eintracht Francfort
29%
0 0 1 0 0 0 Bayer Leverkusen
28%
0 0 1 0 0 2 Schalke
28%
0 0 0 0 0 1 Strasbourg
28%
0 0 0 0 0 2 Stuttgart
28%
0 1 0 0 0 0 Sampdoria
25%
0 1 0 0 0 1 Werder Brême
25%
0 2 0 1 0 0 Dynamo Kyiv
24%
0 0 1 0 0 0 Chakhtar Donetsk
19%
0 0 0 0 0 1 Málaga
19%
0 0 0 0 0 1 Bastia
17%
0 0 0 0 0 1 Bologne
17%
0 0 2 0 0 0 IFK Göteborg
16%
0 0 0 0 0 1 Fulham
15%
0 0 0 0 0 1 Guingamp
15%
0 1 0 0 0 0 Real Saragosse
15%
0 0 0 0 0 1 Udinese
15%
0 0 0 0 0 1 Montpellier
13%
0 1 0 1 0 0 Aberdeen
12%
0 0 0 0 0 1 Celta Vigo
12%
0 0 0 0 0 1 Troyes
11%
0 1 0 1 0 0 FC Malines
8%
0 0 1 0 0 0 Ipswich Town
5%
0 1 0 0 0 0 Slovan Bratislava
5%
0 1 0 0 0 0 FC Magdebourg
3%
0 0 0 0 0 1 Perugia
3%
0 0 0 0 0 1 Karlsruher
1%
0 0 0 0 0 1 Silkeborg
1%
0 1 0 0 0 0 Dinamo Tbilisi
0%
Aucun quiz correspondant
Distribution des résultats
% des personnes avec chaque résultat
Percentile par nombre de réponses
Votre historique - résultats
Vous n’avez pas pris ce quiz depuis la dernière actualisation